Development of rumen metabolism and epithelium in heifers during transition to pasture

Bibliographic Details
Main Author: Žitňan, Rudolf, 1930-1996 (Author)
Format: Article
Language:English

MARC

LEADER 00000nab a2200000uu 4500
001 vtls010898141
003 SK-MaSNL
005 20260303142227.0
008 230222|2006 xo |||||||||||||||||eng|
015 |a SNBRB 
035 |a (urnnbn)urn:nbn:sk:snk:ar-006o9f 
035 |a (uuid)c1310d11-9c5b-4023-8344-a53378a4a31b 
035 |a urn:nbn:sk:snk-ab8qej 
040 |a SNKBUCL  |b slo  |c SNKBUCL  |e AACR2 
041 0 |a eng 
044 |a xo  |c SK 
100 1 |a Žitňan, Rudolf,  |d 1930-1996  |4 aut  |9 37722 
245 1 0 |a Development of rumen metabolism and epithelium in heifers during transition to pasture  |c R. Žitňan 
773 0 |t Slovak journal of animal science  |g Roč. 39, č. 1-2 (2006), s. 20-25 
958 |a OND 
958 |a EUIPO 
958 |a article10 
999 |c 1981521  |d 1983451